00322nam a2200121 a 4500008004100000020001500041050001600056100002400072245002100096260005400117300002000171350000900191120416s0000 ||||||||||||||||| || u a0174481799 aQC 21.2 Bri aBrimicombe, Michael10aPhysics in focus aSurreybEducational Low-Priced Books Schemec1990 aix, 608p. : ill a0.00